| Tag |
First Indicator |
Second Indicator |
Subfields |
| LEADER |
00000cam a2200000 4500 |
| 001 |
in00000051980 |
| 005 |
20151007080233.0 |
| 008 |
770106s1946 nju b 00110 eng c |
| 010 |
|
|
|a a 46005012
|
| 035 |
|
|
|a (OCoLC)02664613
|
| 035 |
|
|
|9 AAF4473AM
|
| 040 |
|
|
|a Princeton Univ. Lib.
|c BUF
|d TXA
|d UtOrBLW
|
| 049 |
|
|
|a TXAM
|c [197654]
|
| 090 |
|
|
|a B945
|b .F67
|
| 092 |
|
|
|a 171.3
|b F751i
|
| 100 |
1 |
|
|a Foss, Martin,
|d 1889-
|
| 245 |
1 |
4 |
|a The idea of perfection in the western world /
|c by Martin Foss.
|
| 264 |
|
1 |
|a Princeton, N.J. :
|b Princeton University Press,
|c 1946.
|
| 300 |
|
|
|a 102 pages ;
|c 21 cm.
|
| 336 |
|
|
|a text
|b txt
|2 rdacontent
|
| 337 |
|
|
|a unmediated
|b n
|2 rdamedia
|
| 338 |
|
|
|a volume
|b nc
|2 rdacarrier
|
| 504 |
|
|
|a Bibliographical footnotes.
|
| 650 |
|
0 |
|a Perfection.
|
| 999 |
|
|
|a MARS
|
| 999 |
f |
f |
|s 6b553fe1-e99b-32a4-ba1f-f1167850ad36
|i 34e43d9b-7a81-3ea6-8da7-075ac4b58e26
|t 0
|
| 952 |
f |
f |
|p ric
|a Texas A&M University
|b Rellis Campus
|c Joint Library Facility
|d Remote Storage
|t 0
|e B945 .F67
|h Library of Congress classification
|i unmediated -- volume
|m A14800533717
|
| 998 |
f |
f |
|a B945 .F67
|t 0
|l Remote Storage
|